Analytická chémia dreva

Guardado en:
Detalles Bibliográficos
Autores principales: Melcer, Imrich, 1927-1997, Blažej, Anton, 1927-2013 (Autor), Šutý, Ladislav (Autor)
Formato: Libro
Lenguaje:eslovaco
Publicado: Bratislava Alfa 1976
Materias:
Acceso en línea:Ver en el OPAC
Etiquetas: Agregar Etiqueta
Sin Etiquetas, Sea el primero en etiquetar este registro!

MARC

LEADER 00000nam a2200000 a 4500
005 20260127134204.0
008 000508e1976 cs g slo c
035 |a vtls008479157 
035 |a SAVUKc054520 
039 9 |a 201710131107  |b AUTHORITY  |c 201002120940  |d mschk03  |y 200602030126  |z VLOAD 
040 |a SAVUK  |b slo  |c SNK  |d STUSCHK1  |e AACR2 
041 1 |a slo 
044 |a cs  |c CS 
100 1 |a Melcer, Imrich,  |d 1927-1997  |9 38 
245 1 0 |a Analytická chémia dreva  |c Imrich Melcer, Anton Blažej, Ladislav Šutý 
260 |a Bratislava  |b Alfa  |c 1976 
300 |a 326 s.  |b il.  |c 24 cm 
650 0 |a zloženie dreva 
650 0 |a metódy dreva 
650 0 |a analýzy dreva 
700 1 |a Blažej, Anton,  |d 1927-2013  |4 aut  |9 905 
700 1 |a Šutý, Ladislav  |4 aut 
910 |a savuk 
910 |a SCHK95 
999 |c 6235  |d 6235